[Event "Budapest FS12 GM"]
[Site "Budapest"]
[Date "2003.12.11"]
[Round "6"]
[White "Kayumov, Sergey"]
[Black "Carlsen, Magnus"]
[Result "1-0"]
[WhiteElo "2434"]
[BlackElo "2450"]
[PlyCount "119"]
[EventDate "2003.12.06"]
[EventType "tourn"]
[EventRounds "13"]
[EventCountry "HUN"]
[EventCategory "8"]

1. e4 c5 2. Nf3 d6 3. d4 cxd4 4. Nxd4 Nf6 5. Nc3 a6 6. Be2 e5 7. Nb3 Be7 8. O-O
O-O 9. Re1 Be6 10. Bf1 Nbd7 11. Nd5 Rc8 12. c4 Nb6 13. Nd2 Nbxd5 14. exd5 Bg4
15. Qb3 b5 16. cxb5 axb5 17. Nb1 Qa5 18. Bd2 b4 19. Bxb4 Qxd5 20. Nd2 Qd4 21.
Bc3 Qa7 22. Ne4 Be6 23. Nxf6+ Bxf6 24. Qd1 Qb8 25. Qh5 g6 26. Qe2 Bg7 27. a4 f6
28. a5 d5 29. a6 Qa7 30. Bb4 Rfd8 31. Rec1 d4 32. Ba5 Re8 33. b4 f5 34. b5 e4
35. Qd1 d3 36. Rxc8 Rxc8 37. Rc1 Rxc1 38. Qxc1 Bd4 39. Qc6 Bxf2+ 40. Kh1 Qd7
41. Qb7 Kf7 42. b6 Ke7 43. Qxd7+ Kxd7 44. b7 Ba7 45. Bb6 d2 46. Bb5+ Ke7 47.
Bxa7 d1=Q+ 48. Bg1 e3 49. b8=Q e2 50. Bxe2 Qxe2 51. Qb7+ Kd6 52. a7 Bd5 53.
Qxd5+ Kxd5 54. a8=Q+ Kd6 55. Qa3+ Ke6 56. Qe3+ Qxe3 57. Bxe3 Ke5 58. Bg5 f4 59.
Kg1 Kf5 60. h4 1-0

[Event "Budapest FS12 GM"]
[Site "Budapest"]
[Date "2003.12.10"]
[Round "5"]
[White "Carlsen, Magnus"]
[Black "Vajda, Szidonia"]
[Result "1-0"]
[WhiteElo "2450"]
[BlackElo "2360"]
[PlyCount "108"]
[EventDate "2003.12.06"]
[EventType "tourn"]
[EventRounds "13"]
[EventCountry "HUN"]
[EventCategory "8"]

1. e4 e5 2. Nf3 Nc6 3. d4 exd4 4. Nxd4 Qf6 5. Nxc6 Bc5 6. Qd2 dxc6 7. Nc3 Be6
8. Qf4 O-O-O 9. Bd3 Qe7 10. Be3 Nf6 11. Qg5 Bxe3 12. Qxe3 Kb8 13. h3 Nd7 14.
O-O-O f6 15. f4 Rhe8 16. Be2 Bf7 17. Bf3 Nb6 18. Rxd8+ Rxd8 19. Rd1 Nc4 20.
Rxd8+ Qxd8 21. Qd3 Qe7 22. Qd4 Qd6 23. Ne2 a6 24. b3 Qa3+ 25. Kd1 Nd6 26. e5
fxe5 27. fxe5 Nf5 28. Qd8+ Ka7 29. Qxc7 Bd5 30. Bxd5 Ne3+ 31. Kd2 Nxd5 32. Qd6
Qa5+ 33. Kd3 Qe1 34. Qc5+ b6 35. Qg1 Nb4+ 36. Ke3 Nxc2+ 37. Kd3 Nb4+ 38. Ke3
Qh4 39. Qf1 Qg5+ 40. Ke4 Qg6+ 41. Qf5 Qxg2+ 42. Ke3 Qd5 43. Nf4 Qc5+ 44. Kf3
Kb8 45. Qg5 Qf8 46. Ke4 Nd5 47. Nxd5 cxd5+ 48. Kxd5 g6 49. Qf6 Qc5+ 50. Ke6
Qc6+ 51. Kf7 Qd7+ 52. Kg8 Qxh3 53. e6 Kc7 54. Qe5+ Kd8 1-0

[Event "Budapest FS12 GM"]
[Site "Budapest"]
[Date "2003.12.08"]
[Round "3"]
[White "Carlsen, Magnus"]
[Black "Drabke, Lorenz Maximilian"]
[Result "1-0"]
[WhiteElo "2450"]
[BlackElo "2449"]
[PlyCount "39"]
[EventDate "2003.12.06"]
[EventType "tourn"]
[EventRounds "13"]
[EventCountry "HUN"]
[EventCategory "8"]

1. d4 d5 2. c4 c6 3. Nf3 Nf6 4. Nc3 dxc4 5. a4 Bf5 6. Nh4 Bd7 7. e3 b5 8. Nf3
Qb6 9. Ne5 Bc8 10. axb5 cxb5 11. Nxb5 Qxb5 12. Bxc4 Qb7 13. Bxf7+ Kd8 14. Bd2
e6 15. Ba5+ Ke7 16. Qa4 Nd5 17. Qe8+ Kf6 18. Ng4+ Kg5 19. h4+ Kxg4 20. Bxe6+
1-0

[Event "Budapest FS12 GM"]
[Site "Budapest"]
[Date "2003.12.07"]
[Round "2"]
[White "Berczes, David"]
[Black "Carlsen, Magnus"]
[Result "0-1"]
[WhiteElo "2323"]
[BlackElo "2450"]
[PlyCount "96"]
[EventDate "2003.12.06"]
[EventType "tourn"]
[EventRounds "13"]
[EventCountry "HUN"]
[EventCategory "8"]

1. d4 Nf6 2. c4 g6 3. Nc3 Bg7 4. e4 O-O 5. Nf3 d6 6. Be2 e5 7. O-O Nh5 8. g3
Bg4 9. d5 Qe8 10. Ne1 Bxe2 11. Qxe2 f5 12. f3 Na6 13. Nd3 c5 14. Bd2 Qd7 15. a3
Nc7 16. b4 b6 17. Rab1 Nf6 18. Rb2 h5 19. bxc5 bxc5 20. Rfb1 Rf7 21. Rb7 Qe8
22. Qd1 h4 23. Nf2 Qc8 24. Kg2 Qf8 25. Nh3 Nh7 26. Ng5 Nxg5 27. Bxg5 hxg3 28.
hxg3 f4 29. Nb5 Ne8 30. Rxf7 Qxf7 31. Nc3 fxg3 32. Qa4 Nf6 33. Bxf6 Qxf6 34.
Ne2 Rf8 35. Qb3 Bh6 36. Rh1 Qg5 37. Qd3 Rb8 38. Rh3 Rb2 39. Rxg3 Qe3 40. Qxe3
Bxe3 41. Kf1 Kg7 42. Nc3 a6 43. Nd1 Rb1 44. Ke2 Bd4 45. Kd2 Rb3 46. Kc2 Rxa3
47. Rh3 a5 48. Rg3 a4 0-1

[Event "Budapest FS12 GM"]
[Site "Budapest"]
[Date "2003.12.06"]
[Round "1"]
[White "Carlsen, Magnus"]
[Black "Howell, David"]
[Result "1/2-1/2"]
[WhiteElo "2450"]
[BlackElo "2381"]
[PlyCount "88"]
[EventDate "2003.12.06"]
[EventType "tourn"]
[EventRounds "13"]
[EventCountry "HUN"]
[EventCategory "8"]

1. e4 e5 2. Nf3 Nc6 3. Bb5 a6 4. Ba4 Nf6 5. O-O Be7 6. Qe2 b5 7. Bb3 O-O 8. c3
d6 9. Rd1 Bg4 10. h3 Bh5 11. d3 d5 12. Bg5 d4 13. Bxf6 Bxf3 14. Qxf3 Bxf6 15.
Bd5 Qd6 16. a4 Rab8 17. axb5 axb5 18. Ra6 Rb6 19. Rxb6 cxb6 20. Nd2 dxc3 21.
bxc3 Ne7 22. c4 Qc5 23. Rb1 bxc4 24. dxc4 Nc6 25. Qb3 Rb8 26. Qa4 Bh4 27. Qxc6
Qxf2+ 28. Kh1 Qxd2 29. Rf1 Qe2 30. Rxf7 Kh8 31. Rf3 Qe1+ 32. Kh2 Bf2 33. Rxf2
Qxf2 34. Qd6 Qf4+ 35. Kh1 Qf1+ 36. Kh2 Qf4+ 37. Kh1 Rf8 38. Qxb6 Qc1+ 39. Kh2
Qf4+ 40. Kh1 Qg3 41. Kg1 h6 42. Qb2 Kh7 43. Qe2 Rb8 44. Qf1 Qe3+ 1/2-1/2

[Event "Claude Pecaut Memorial"]
[Site "Taormina"]
[Date "2003.11.23"]
[Round "9"]
[White "Tomescu, Vlad"]
[Black "Carlsen, Magnus"]
[Result "1/2-1/2"]
[WhiteElo "2447"]
[BlackElo "2450"]
[PlyCount "58"]
[EventDate "2003.11.15"]
[EventType "tourn"]
[EventRounds "9"]
[EventCountry "ITA"]
[EventCategory "7"]

1. d4 Nf6 2. c4 e6 3. Nc3 Bb4 4. f3 d5 5. e3 c5 6. a3 cxd4 7. axb4 dxc3 8. bxc3
O-O 9. cxd5 Qc7 10. Bd2 Nxd5 11. e4 Nb6 12. Nh3 e5 13. Nf2 Be6 14. Be2 Rd8 15.
O-O Nc6 16. Qc1 Bc4 17. Bxc4 Nxc4 18. Rd1 Qb6 19. Qc2 a5 20. Bg5 Rxd1+ 21. Qxd1
h6 22. Qd5 Ne3 23. Bxe3 Qxe3 24. Qd3 Qb6 25. bxa5 Rxa5 26. Rxa5 Nxa5 27. g3 Qc5
28. Kg2 Nc4 29. f4 Qc6 1/2-1/2

[Event "Claude Pecaut Memorial"]
[Site "Taormina"]
[Date "2003.11.22"]
[Round "8"]
[White "Carlsen, Magnus"]
[Black "Calzetta Ruiz, Monica"]
[Result "1-0"]
[WhiteElo "2450"]
[BlackElo "2274"]
[PlyCount "57"]
[EventDate "2003.11.15"]
[EventType "tourn"]
[EventRounds "9"]
[EventCountry "ITA"]
[EventCategory "7"]

1. d4 Nf6 2. c4 c5 3. d5 b5 4. cxb5 a6 5. bxa6 Bxa6 6. Nc3 d6 7. g3 g6 8. Bg2
Bg7 9. Nf3 Nbd7 10. Rb1 Nb6 11. a4 O-O 12. O-O Ra7 13. b3 Qa8 14. Nh4 Ne8 15.
Bb2 Nc7 16. Qd2 Rb8 17. Rfe1 Bc8 18. e4 c4 19. e5 cxb3 20. exd6 exd6 21. Re7
Bd7 22. Ne4 Ncxd5 23. Bxg7 Kxg7 24. Qd4+ Kf8 25. Rxd7 Nxd7 26. Nc3 Nxc3 27. Re1
Kg8 28. Bxa8 b2 29. Qxa7 1-0

[Event "Claude Pecaut Memorial"]
[Site "Taormina"]
[Date "2003.11.21"]
[Round "7"]
[White "Carlsen, Magnus"]
[Black "Movsziszian, Karen"]
[Result "1/2-1/2"]
[WhiteElo "2450"]
[BlackElo "2475"]
[PlyCount "115"]
[EventDate "2003.11.15"]
[EventType "tourn"]
[EventRounds "9"]
[EventCountry "ITA"]
[EventCategory "7"]

1. d4 g6 2. c4 Bg7 3. Nc3 d6 4. e4 Nf6 5. Nf3 O-O 6. Be2 Nbd7 7. O-O e5 8. Be3
Ng4 9. Bg5 f6 10. Bc1 Nh6 11. Be3 c6 12. c5 dxc5 13. dxe5 fxe5 14. Ng5 Qe7 15.
Bc4+ Kh8 16. Ne6 Rg8 17. Nxg7 Qxg7 18. Bg5 Rf8 19. Qd6 Nf7 20. Bxf7 Rxf7 21. f4
exf4 22. Rxf4 Rxf4 23. Qxf4 Kg8 24. Bh6 Qe7 25. Rf1 b6 26. Qc7 Ba6 27. Qxc6 Re8
28. Rf2 Ne5 29. Qa4 Bb7 30. Qxa7 Ng4 31. Nd5 Qh4 32. Nf6+ Nxf6 33. Qxb7 Qxh6
34. Rxf6 Qe3+ 35. Rf2 Qxe4 36. Qxb6 Qe3 37. Qf6 Qe4 38. Rf1 Qe3+ 39. Kh1 Qe7
40. Qf3 Qe5 41. h3 Qe3 42. Qd5+ Kg7 43. a4 Re7 44. Qc4 Qd4 45. Qxd4+ cxd4 46.
Rd1 Rb7 47. Rxd4 Rxb2 48. Rd7+ Kh6 49. a5 Ra2 50. Rd5 Kg7 51. Kh2 Kf6 52. Kg3
g5 53. Rb5 h5 54. Kf3 h4 55. Rb6+ Kf5 56. Rb5+ Kg6 57. Rc5 Kf6 58. Rc6+ 1/2-1/2

[Event "Claude Pecaut Memorial"]
[Site "Taormina"]
[Date "2003.11.18"]
[Round "4"]
[White "Godena, Michele"]
[Black "Carlsen, Magnus"]
[Result "1/2-1/2"]
[WhiteElo "2523"]
[BlackElo "2450"]
[PlyCount "96"]
[EventDate "2003.11.15"]
[EventType "tourn"]
[EventRounds "9"]
[EventCountry "ITA"]
[EventCategory "7"]

1. e4 c5 2. c3 d5 3. exd5 Qxd5 4. d4 g6 5. Nf3 Bg7 6. Na3 cxd4 7. Nb5 Na6 8.
Be3 Bd7 9. Bxd4 Nf6 10. a4 O-O 11. Be2 Bxb5 12. axb5 Nc5 13. O-O Rfd8 14. Ra3
Qf5 15. Qb1 Qh5 16. Re1 Ne6 17. Bxa7 Nf4 18. Bf1 Rd5 19. Be3 Rxa3 20. bxa3 Bh6
21. Qb4 Rf5 22. Qxe7 Ng4 23. Qh4 Nxe3 24. fxe3 Nh3+ 25. Qxh3 Qxh3 26. gxh3 Rxf3
27. Bg2 Rxe3 28. Rxe3 Bxe3+ 29. Kf1 b6 30. Ke2 Bc5 31. a4 Kf8 32. Kd3 Ke7 33.
Kc4 Kd6 34. Bd5 f6 35. Bg8 h6 36. h4 g5 37. hxg5 hxg5 38. Bh7 Bg1 39. h3 Ke5
40. Kb4 Bc5+ 41. Kc4 Bg1 42. Kb4 Bc5+ 43. Kc4 Bg1 44. Bd3 f5 45. Kb4 Bc5+ 46.
Kc4 Bg1 47. Kb4 Bc5+ 48. Kc4 Bg1 1/2-1/2

[Event "Claude Pecaut Memorial"]
[Site "Taormina"]
[Date "2003.11.17"]
[Round "3"]
[White "Carlsen, Magnus"]
[Black "Isonzo, Davide"]
[Result "1-0"]
[WhiteElo "2450"]
[BlackElo "2349"]
[PlyCount "125"]
[EventDate "2003.11.15"]
[EventType "tourn"]
[EventRounds "9"]
[EventCountry "ITA"]
[EventCategory "7"]

1. e4 e5 2. Nf3 Nc6 3. Bb5 Nf6 4. Qe2 Be7 5. O-O d6 6. d4 exd4 7. Nxd4 Bd7 8.
Bxc6 bxc6 9. Rd1 O-O 10. e5 dxe5 11. Nxc6 Qe8 12. Nxe7+ Qxe7 13. Bg5 Bc6 14.
Qc4 Qe6 15. Qxe6 fxe6 16. Nd2 Rab8 17. b3 Nd5 18. Nc4 Rf5 19. Be3 Nf4 20. Bxf4
exf4 21. Re1 Rg5 22. g3 Bd5 23. Ne5 Rf8 24. c4 Bb7 25. Nd7 Rf7 26. Re5 Rgf5 27.
g4 Rxe5 28. Nxe5 Rf8 29. Rd1 h5 30. Ng6 Re8 31. Nxf4 hxg4 32. Rd7 Bf3 33. Nh5
Rf8 34. Rxg7+ Kh8 35. Rd7 Rf5 36. Ng3 Re5 37. Kf1 Ra5 38. a4 Ra6 39. Ke1 Rb6
40. Rd3 e5 41. Kd2 a5 42. h4 Kh7 43. Re3 Re6 44. Ne4 Kg6 45. Ng5 Rd6+ 46. Kc3
e4 47. Nxe4 Rd1 48. Ng3 Rc1+ 49. Kd2 Ra1 50. h5+ Kf6 51. Re8 Ra2+ 52. Ke3 Rb2
53. h6 Kg6 54. Re6+ Kh7 55. Kf4 Rxb3 56. Nf5 Rb6 57. Re7+ Kh8 58. Kg5 Rc6 59.
Nd4 Rxc4 60. Re8+ Kh7 61. Ne6 Re4 62. Re7+ Kh8 63. Kg6 1-0

[Event "Claude Pecaut Memorial"]
[Site "Taormina"]
[Date "2003.11.16"]
[Round "2"]
[White "Ortega, Lexy"]
[Black "Carlsen, Magnus"]
[Result "1/2-1/2"]
[WhiteElo "2462"]
[BlackElo "2450"]
[PlyCount "84"]
[EventDate "2003.11.15"]
[EventType "tourn"]
[EventRounds "9"]
[EventCountry "ITA"]
[EventCategory "7"]

1. Nf3 Nf6 2. c4 g6 3. Nc3 c5 4. d4 cxd4 5. Nxd4 Nc6 6. e4 d6 7. Be2 Nxd4 8.
Qxd4 Bg7 9. Bg5 O-O 10. Qd2 Be6 11. O-O Qa5 12. Rac1 Rfc8 13. b3 a6 14. f4 b5
15. f5 b4 16. fxe6 bxc3 17. exf7+ Kxf7 18. Rxc3 Kg8 19. Bf3 Rab8 20. Rc2 Qxd2
21. Bxd2 Nd7 22. Bg4 Bd4+ 23. Kh1 Rf8 24. Bf3 Nc5 25. Bh6 Bg7 26. Bg5 Bf6 27.
Be3 a5 28. Rb1 Be5 29. Bd2 Ra8 30. a3 Na6 31. Be3 Rfb8 32. g3 Nc5 33. b4 axb4
34. axb4 Ra3 35. Re2 Na4 36. Ree1 Nc3 37. Rbc1 Rxb4 38. c5 Nb5 39. c6 Rbb3 40.
Be2 Rxe3 41. Bxb5 Rxe1+ 42. Rxe1 Rc3 1/2-1/2

[Event "Claude Pecaut Memorial"]
[Site "Taormina"]
[Date "2003.11.15"]
[Round "1"]
[White "Carlsen, Magnus"]
[Black "Aldrovandi, Costantino"]
[Result "0-1"]
[WhiteElo "2450"]
[BlackElo "2414"]
[PlyCount "54"]
[EventDate "2003.11.15"]
[EventType "tourn"]
[EventRounds "9"]
[EventCountry "ITA"]
[EventCategory "7"]

1. e4 c5 2. Nf3 d6 3. d4 cxd4 4. Nxd4 Nf6 5. Nc3 g6 6. Be3 Bg7 7. f3 Nc6 8. Qd2
O-O 9. O-O-O d5 10. exd5 Nxd5 11. Nxc6 bxc6 12. Bd4 e5 13. Bc5 Be6 14. Ne4 Rb8
15. Bc4 a5 16. h4 h6 17. h5 g5 18. Bxf8 Bxf8 19. Qf2 Qe7 20. Rhe1 f5 21. Nc3
Nxc3 22. Rxe5 Nxd1 23. Qd2 Nxb2 24. Bxe6+ Kh8 25. Qxa5 Qd6 26. Bb3 Bg7 27. Re1
Nc4 0-1

[Event "Wch U14"]
[Site "Chalkidiki"]
[Date "2003.11.01"]
[Round "10"]
[White "Rohit, Goginenni"]
[Black "Carlsen, Magnus"]
[Result "0-1"]
[WhiteElo "2346"]
[BlackElo "2450"]
[PlyCount "96"]
[EventDate "2003.10.23"]
[EventType "swiss"]
[EventRounds "11"]
[EventCountry "GRE"]

1. e4 e5 2. Nf3 Nc6 3. Bb5 a6 4. Ba4 Nf6 5. O-O Be7 6. Re1 b5 7. Bb3 d6 8. c3
O-O 9. h3 Nb8 10. d4 Nbd7 11. Nbd2 Bb7 12. Bc2 Re8 13. Nf1 Bf8 14. Ng3 g6 15.
b3 Bg7 16. d5 Qe7 17. Be3 c6 18. c4 Rec8 19. Nd2 a5 20. a4 bxc4 21. bxc4 Ba6
22. Rb1 Qf8 23. Ngf1 Bh6 24. Bxh6 Qxh6 25. Ne3 cxd5 26. cxd5 Rc3 27. Nb3 Nc5
28. Nxc5 Rxc5 29. Rb6 Qf8 30. Qd2 Qd8 31. Reb1 Qc7 32. R1b2 Bc8 33. Kh2 Bd7 34.
Qe2 Rc8 35. Qa6 Ne8 36. Rb7 Qd8 37. Qa7 Nf6 38. Qb6 Qf8 39. Bd1 Be8 40. Bg4 Ra8
41. Ra7 Rxa7 42. Qxa7 h5 43. Bf3 Qh6 44. g3 h4 45. Qe7 hxg3+ 46. Kg2 Kg7 47.
Qxd6 Bd7 48. fxg3 Qxe3 0-1

[Event "Wch U14"]
[Site "Chalkidiki"]
[Date "2003.10.31"]
[Round "9"]
[White "Carlsen, Magnus"]
[Black "Zhigalko, Sergei"]
[Result "0-1"]
[WhiteElo "2450"]
[BlackElo "2460"]
[PlyCount "66"]
[EventDate "2003.10.23"]
[EventType "swiss"]
[EventRounds "11"]
[EventCountry "GRE"]

1. e4 c5 2. Nf3 Nc6 3. d4 cxd4 4. Nxd4 Nf6 5. Nc3 e5 6. Ndb5 d6 7. Bg5 a6 8.
Na3 b5 9. Bxf6 gxf6 10. Nd5 Bg7 11. Bd3 Ne7 12. Nxe7 Qxe7 13. c4 f5 14. O-O O-O
15. Qf3 d5 16. cxd5 fxe4 17. Bxe4 Rb8 18. Rad1 Qd7 19. d6 Rb6 20. Bd5 Rxd6 21.
Bb3 Kh8 22. Rxd6 Qxd6 23. Rd1 Qg6 24. Qd5 f5 25. Qd6 Qg5 26. Qc6 e4 27. Nc2
Bxb2 28. g3 Bg7 29. Nd4 e3 30. Nf3 Qe7 31. Re1 Bb7 32. Rxe3 Bxc6 33. Rxe7 Bxf3
0-1

[Event "Wch U14"]
[Site "Chalkidiki"]
[Date "2003.10.30"]
[Round "8"]
[White "Carlsen, Magnus"]
[Black "Andriasian, Zaven"]
[Result "1-0"]
[WhiteElo "2450"]
[BlackElo "2311"]
[PlyCount "47"]
[EventDate "2003.10.23"]
[EventType "swiss"]
[EventRounds "11"]
[EventCountry "GRE"]

1. d4 d5 2. c4 c6 3. Nf3 Nf6 4. Nc3 dxc4 5. a4 Bf5 6. Nh4 e6 7. Nxf5 exf5 8. e3
Bd6 9. Bxc4 O-O 10. Qf3 g6 11. h3 h5 12. Bd2 Nbd7 13. O-O-O a6 14. g4 fxg4 15.
hxg4 hxg4 16. Qg2 b5 17. Ba2 c5 18. Ne4 Qe7 19. Nxd6 Qxd6 20. dxc5 Qe7 21. Bc3
Rac8 22. Rxd7 Qxc5 23. Kb1 b4 24. Qxg4 1-0

[Event "Wch U14"]
[Site "Chalkidiki"]
[Date "2003.10.29"]
[Round "7"]
[White "Dourerassou, Jonathan"]
[Black "Carlsen, Magnus"]
[Result "0-1"]
[WhiteElo "2250"]
[BlackElo "2450"]
[PlyCount "94"]
[EventDate "2003.10.23"]
[EventType "swiss"]
[EventRounds "11"]
[EventCountry "GRE"]

1. d4 Nf6 2. c4 g6 3. Nc3 d5 4. Nf3 Bg7 5. Qb3 dxc4 6. Qxc4 O-O 7. e4 Nc6 8.
Be3 Bg4 9. Rd1 Nd7 10. Qb3 Nb6 11. d5 Ne5 12. Be2 Nxf3+ 13. gxf3 Bh5 14. Rg1
Qd6 15. f4 Bxe2 16. Kxe2 c6 17. e5 Qd7 18. Bxb6 axb6 19. Qxb6 Qf5 20. dxc6 bxc6
21. Qe3 Bh6 22. Rd4 c5 23. Rc4 Rfd8 24. Rd1 Rxd1 25. Kxd1 Rd8+ 26. Kc1 Qg4 27.
Kc2 Qf5+ 28. Kc1 Rd4 29. Rxd4 cxd4 30. Qxd4 Bxf4+ 31. Kd1 Bxe5 32. Qd8+ Kg7 33.
Qxe7 Bxh2 34. Qh4 Qd3+ 35. Kc1 Be5 36. Nd1 h5 37. a4 Bf6 38. Qf4 h4 39. Ne3 Qe2
40. b4 Bb2+ 41. Kb1 Bc3 42. Nf5+ gxf5 43. Qg5+ Kf8 44. Qh6+ Bg7 45. Qd6+ Qe7
46. Qb8+ Qe8 47. Qf4 Qe4+ 0-1

[Event "Wch U14"]
[Site "Chalkidiki"]
[Date "2003.10.28"]
[Round "6"]
[White "Carlsen, Magnus"]
[Black "Potapov, Pavel"]
[Result "1-0"]
[WhiteElo "2450"]
[BlackElo "2267"]
[PlyCount "99"]
[EventDate "2003.10.23"]
[EventType "swiss"]
[EventRounds "11"]
[EventCountry "GRE"]

1. d4 f5 2. Nf3 Nf6 3. g3 g6 4. Bg2 Bg7 5. O-O O-O 6. c4 d6 7. Nc3 Qe8 8. Re1
Qf7 9. b3 Ne4 10. Bb2 Nc6 11. Rc1 h6 12. d5 Ne5 13. Nxe5 Bxe5 14. f4 Bg7 15.
Qc2 Nxc3 16. Bxc3 Bd7 17. e4 Bxc3 18. Qxc3 fxe4 19. Rxe4 Bf5 20. Re3 b6 21.
Rce1 Rae8 22. Be4 Bd7 23. Bf3 Qf6 24. Qd3 Kg7 25. Qe2 Rf7 26. Bg4 Bf5 27. Bxf5
Qxf5 28. Kg2 h5 29. Re6 Kf8 30. h3 h4 31. Qg4 Qxg4 32. hxg4 hxg3 33. Kxg3 Kg7
34. g5 Rh8 35. Rxe7 a5 36. Re8 Rxe8 37. Rxe8 Kh7 38. Kg4 Kg7 39. Re6 Kh7 40.
Rf6 Re7 41. f5 gxf5+ 42. Kxf5 Kg7 43. Rg6+ Kf7 44. Re6 Rd7 45. g6+ Kg7 46. Kg5
Kg8 47. Re8+ Kg7 48. Kf5 c5 49. Ke6 Ra7 50. Re7+ 1-0

[Event "Wch U14"]
[Site "Chalkidiki"]
[Date "2003.10.25"]
[Round "3"]
[White "Lemos, Damian"]
[Black "Carlsen, Magnus"]
[Result "1/2-1/2"]
[WhiteElo "2218"]
[BlackElo "2450"]
[PlyCount "116"]
[EventDate "2003.10.23"]
[EventType "swiss"]
[EventRounds "11"]
[EventCountry "GRE"]

1. d4 Nf6 2. Nf3 g6 3. c4 Bg7 4. g3 O-O 5. Bg2 d6 6. O-O Nbd7 7. Nc3 e5 8. h3
Re8 9. e4 exd4 10. Nxd4 a6 11. Re1 Rb8 12. b3 c5 13. Nc2 b5 14. Qxd6 Rb6 15.
Qd2 b4 16. Na4 Rbe6 17. e5 Qe7 18. Bb2 Nxe5 19. Bxe5 Rxe5 20. Rxe5 Qxe5 21. Re1
Qc7 22. Rxe8+ Nxe8 23. Qe3 Qd8 24. Nxc5 a5 25. Kh2 h5 26. Qd3 Qc7 27. Ne4 h4
28. Ne3 hxg3+ 29. fxg3 Be5 30. Nd5 Qd8 31. Qe3 Ng7 32. Ng5 Bd6 33. Ne4 Be5 34.
Qb6 Qxb6 35. Nxb6 Be6 36. Bf3 Nf5 37. Bg4 Kf8 38. Bxf5 Bxf5 39. Nc5 Bd4 40.
Nba4 Ke7 41. Nb7 Kd7 42. Nxa5 Kc7 43. c5 Bb1 44. Kg2 Bxa2 45. Kf3 Bb1 46. g4 g5
47. Kg3 Bd3 48. Kf3 f6 49. Kg3 Be4 50. h4 Be5+ 51. Kh3 Bd3 52. hxg5 fxg5 53.
Kg2 Be2 54. Nb6 Bxg4 55. Nd5+ Kc8 56. Nc6 Bc3 57. Ncxb4 Bxb4 58. Nxb4 Be6
1/2-1/2

[Event "EU-Cup 19th"]
[Site "Rethymnon"]
[Date "2003.10.03"]
[Round "6"]
[White "Jeremic, Veljko"]
[Black "Carlsen, Magnus"]
[Result "1-0"]
[WhiteElo "2467"]
[BlackElo "2385"]
[PlyCount "55"]
[EventDate "2003.09.28"]
[EventType "team"]
[EventRounds "7"]
[EventCountry "GRE"]

1. Nf3 Nf6 2. g3 g6 3. Bg2 Bg7 4. O-O O-O 5. d3 d6 6. c4 c5 7. Nc3 Nc6 8. Rb1
Rb8 9. Ne1 Bd7 10. Nc2 Qc8 11. Re1 a6 12. a4 Nd4 13. Bg5 Nxc2 14. Qxc2 Bc6 15.
e4 e6 16. b4 b6 17. bxc5 bxc5 18. Rxb8 Qxb8 19. e5 Ng4 20. Bxc6 Nxe5 21. Bg2
Qb4 22. Rb1 Qa5 23. Ne4 f5 24. Bd2 Qc7 25. Ng5 Re8 26. Rb7 Qc8 27. Qb1 h6 28.
Nxe6 1-0

[Event "EU-Cup 19th"]
[Site "Rethymnon"]
[Date "2003.10.02"]
[Round "5"]
[White "Carlsen, Magnus"]
[Black "Arduman, Can"]
[Result "1-0"]
[WhiteElo "2385"]
[BlackElo "2336"]
[PlyCount "93"]
[EventDate "2003.09.28"]
[EventType "team"]
[EventRounds "7"]
[EventCountry "GRE"]

1. e4 e5 2. Nf3 Nc6 3. Bb5 Nf6 4. Qe2 Be7 5. O-O d6 6. d4 Bd7 7. Bxc6 Bxc6 8.
Nc3 exd4 9. Nxd4 Bd7 10. f4 O-O 11. Kh1 Re8 12. e5 dxe5 13. fxe5 Bd6 14. Bf4
Bg4 15. Qb5 Bd7 16. Qxb7 Bxe5 17. Bxe5 Rxe5 18. Rad1 Qc8 19. Qf3 c5 20. Nb3 Bc6
21. Qg3 Qg4 22. Qxg4 Nxg4 23. Na5 Be8 24. Nc4 Re6 25. h3 Nf6 26. Rf5 Rc8 27.
Nd6 Rc6 28. Nb7 g6 29. Rxc5 Rb6 30. Nd8 Red6 31. Rxd6 Rxd6 32. Rc8 Rd2 33. Nc6
Rxc2 34. Nxa7 Rxb2 35. Ne4 Kg7 36. Nxf6 Ba4 37. Ne8+ Kh6 38. Nd6 f5 39. a3 Rb3
40. Nf7+ Kh5 41. Rh8 g5 42. Ne5 g4 43. Rxh7+ Kg5 44. hxg4 fxg4 45. Rg7+ Kf6 46.
Rxg4 Rxa3 47. Nac6 1-0

[Event "EU-Cup 19th"]
[Site "Rethymnon"]
[Date "2003.09.29"]
[Round "2"]
[White "Carlsen, Magnus"]
[Black "Kiik, Kalle"]
[Result "1-0"]
[WhiteElo "2385"]
[BlackElo "2439"]
[PlyCount "53"]
[EventDate "2003.09.28"]
[EventType "team"]
[EventRounds "7"]
[EventCountry "GRE"]

1. e4 Nc6 2. Nf3 d6 3. d4 Nf6 4. Nc3 Bg4 5. d5 Bxf3 6. Qxf3 Ne5 7. Qg3 c6 8. f4
Ned7 9. dxc6 bxc6 10. e5 Nd5 11. exd6 exd6 12. Nxd5 cxd5 13. Bd2 Be7 14. Qxg7
Bf6 15. Qh6 Bxb2 16. Rb1 Qf6 17. Qxf6 Bxf6 18. Bb5 Bd4 19. Kd1 O-O-O 20. Re1
Bb6 21. Re7 f6 22. a4 Nc5 23. a5 Bc7 24. Bc6 Rdg8 25. Bxd5 Re8 26. Rf7 h5 27.
a6 1-0

[Event "EU-Cup 19th"]
[Site "Rethymnon"]
[Date "2003.09.28"]
[Round "1"]
[White "Sutovsky, Emil"]
[Black "Carlsen, Magnus"]
[Result "1-0"]
[WhiteElo "2639"]
[BlackElo "2385"]
[PlyCount "77"]
[EventDate "2003.09.28"]
[EventType "team"]
[EventRounds "7"]
[EventCountry "GRE"]

1. e4 Nf6 2. e5 Nd5 3. d4 d6 4. Nf3 dxe5 5. Nxe5 c6 6. Bd3 Nd7 7. O-O Nxe5 8.
dxe5 Nb4 9. Be4 Qxd1 10. Rxd1 f5 11. a3 Na6 12. Bf3 g6 13. Nd2 Be6 14. Be2 Nc7
15. Nf3 Bd5 16. Nd4 Bg7 17. c4 Bf7 18. f4 Ne6 19. Nf3 Rd8 20. Be3 O-O 21. b4 a6
22. g3 Rxd1+ 23. Rxd1 Rd8 24. Rxd8+ Nxd8 25. Nd4 Be8 26. Nb3 Bd7 27. Nc5 Bc8
28. b5 axb5 29. cxb5 cxb5 30. Bxb5 Bf8 31. Kf2 Kg7 32. Nd7 Kf7 33. a4 Bxd7 34.
Bxd7 e6 35. Bb6 Be7 36. a5 g5 37. Ke2 h5 38. Bc8 h4 39. Bxb7 1-0

[Event "EU-ch U14"]
[Site "Budva"]
[Date "2003.09.20"]
[Round "7"]
[White "Carlsen, Magnus"]
[Black "Zhigalko, Sergei"]
[Result "1-0"]
[WhiteElo "2385"]
[BlackElo "2399"]
[PlyCount "121"]
[EventDate "2003.09.13"]
[EventType "swiss"]
[EventRounds "9"]
[EventCountry "YUG"]

1. e4 c5 2. Nf3 Nc6 3. d4 cxd4 4. Nxd4 Nf6 5. Nc3 e5 6. Ndb5 d6 7. Bg5 a6 8.
Na3 b5 9. Bxf6 gxf6 10. Nd5 f5 11. Bd3 Be6 12. O-O Bxd5 13. exd5 Ne7 14. c3 Bg7
15. Qh5 e4 16. Bc2 Qc8 17. Rae1 O-O 18. Bb3 Kh8 19. Kh1 Ng6 20. Nc2 Nf4 21. Qh4
Be5 22. Ne3 Rg8 23. Bc2 b4 24. g3 Nd3 25. Bxd3 exd3 26. Qxb4 Rb8 27. Qc4 f4 28.
Qxc8 Rgxc8 29. Nd1 Rc5 30. gxf4 Bxf4 31. Re4 Be5 32. f4 Bg7 33. Rfe1 Bf6 34. c4
Kg7 35. b3 Ra5 36. Rg1+ Kf8 37. Rg2 Ra3 38. Re3 Re8 39. Rd2 Rxe3 40. Nxe3 Bd4
41. Nf5 Bc5 42. Rxd3 Rxa2 43. Rh3 Kg8 44. Rh6 Ra1+ 45. Kg2 Ra2+ 46. Kf3 Ra3 47.
Nxd6 Rxb3+ 48. Ke4 Rb6 49. Nf5 Rxh6 50. Nxh6+ Kf8 51. Nf5 a5 52. d6 a4 53. Kd5
Bb4 54. c5 Ke8 55. c6 Ba5 56. Kc4 Kd8 57. Ne7 h5 58. f5 h4 59. h3 f6 60. Nd5 a3
61. Kb3 1-0

[Event "EU-ch U14"]
[Site "Budva"]
[Date "2003.09.19"]
[Round "6"]
[White "Andreikin, Dmitry"]
[Black "Carlsen, Magnus"]
[Result "0-1"]
[WhiteElo "2400"]
[BlackElo "2385"]
[PlyCount "100"]
[EventDate "2003.09.13"]
[EventType "swiss"]
[EventRounds "9"]
[EventCountry "YUG"]

1. e4 c5 2. Nf3 Nc6 3. d4 cxd4 4. Nxd4 Nf6 5. Nc3 e5 6. Ndb5 d6 7. Bg5 a6 8.
Na3 b5 9. Nd5 Be7 10. Bxf6 Bxf6 11. c3 O-O 12. Nc2 Rb8 13. g3 Bg5 14. Bg2 a5
15. O-O Ne7 16. f4 Nxd5 17. Qxd5 Be6 18. Qd2 Bh6 19. Ne3 Qb6 20. Kh1 Qc5 21. b4
Qc7 22. Rad1 Rbc8 23. bxa5 Qxa5 24. Qxd6 exf4 25. gxf4 Qxa2 26. Qe5 g6 27. Qxb5
Rxc3 28. Nd5 Bh3 29. Rg1 Rc2 30. Qf1 Rf2 31. Qxf2 Qxf2 32. Bxh3 Bxf4 33. Rg2
Qh4 34. Rg4 Qxh3 35. Rxf4 Rb8 36. Rf2 Rb2 37. Rdf1 Qd3 38. Nf6+ Kg7 39. Kg2 Qd4
40. Ne8+ Kf8 41. Rxb2 Qxb2+ 42. Rf2 Qxf2+ 43. Kxf2 Kxe8 44. Kf3 Ke7 45. Kf4 Ke6
46. Kg5 Ke5 47. h4 Kxe4 48. Kf6 Kf4 49. Kxf7 Kg4 50. Kg7 Kxh4 0-1